[Event "European Online Club-ch-B 2021"]
[Site "Online"]
[Date "2021.03.27"]
[Round "1.16"]
[White "Pillard, Valentin"]
[Black "De Rover, Yong Hoon"]
[Result "0-1"]
[WhiteElo "2103"]
[BlackElo "2349"]
[Annotator "NA"]
[PlyCount "150"]
[EventDate "2021.03.27"]
[EventType "team-tourn"]
[EventCountry "NET"]
[SourceTitle "playchess.com"]
[Source "ChessBase"]
[SourceQuality "1"]
[TimeControl "900+5"]

1. e4 {[%emt 0:00:00]} e6 {[%emt 0:00:05]} 2. d4 {[%emt 0:00:05]} d5 {[%emt 0:00:02]} 3. exd5 {[%emt 0:00:01]} exd5 {[%emt 0:00:02]} 4. Nf3 {[%emt 0:00:02]} Nc6 {[%emt 0:00:06]} 5. Nc3 {[%emt 0:00:01]} Bb4 {[%emt 0:01:22]} 6. Bd3 {[%emt 0:00:05]} Nge7 {[%emt 0:01:20]} 7. O-O {[%emt 0:00:05]} O-O {[%emt 0:00:11]} 8. Ne2 {[%emt 0:00:18]} Bf5 {[%emt 0:01:09]} 9. Ng3 {[%emt 0:00:29]} Bg6 {[%emt 0:00:35]} 10. c3 {[%emt 0:01:15]} Bd6 {[%emt 0:00:04]} 11. Nh4 {[%emt 0:00:30]} Qd7 {[%emt 0:00:31]} 12. f4 {[%emt 0:02:50]} Bxd3 {[%emt 0:00:21]} 13. Qxd3 {[%emt 0:00:03]} Rae8 {[%emt 0:00:10]} 14. f5 {[%emt 0:00:33]} f6 {[%emt 0:00:07]} 15. Nh5 {[%emt 0:00:32]} Nc8 {[%emt 0:00:54]} 16. Bf4 {[%emt 0:03:34]} Qf7 {[%emt 0:00:43]} 17. Qf3 {[%emt 0:00:45]} Re4 {[%emt 0:00:29]} 18. Rae1 {[%emt 0:01:36]} Rfe8 {[%emt 0:00:06]} 19. Rxe4 {[%emt 0:00:04]} Rxe4 {[%emt 0:00:03]} 20. g4 {[%emt 0:00:46]} Nd8 {[%emt 0:02:33]} 21. Bc1 {[%emt 0:01:17]} c6 {[%emt 0:00:29]} 22. g5 {[%emt 0:00:06]} Rxh4 {[%emt 0:00:12]} 23. Ng3 {[%emt 0:00:28]} Qe7 {[%emt 0:00:54]} 24. gxf6 {[%emt 0:00:07]} gxf6 {[%emt 0:00:10]} 25. Kh1 {[%emt 0:00:08]} Kh8 {[%emt 0:00:17]} 26. Rg1 {[%emt 0:01:20]} Qe4 {[%emt 0:00:25]} 27. Qxe4 {[%emt 0:00:09]} dxe4 {[%emt 0:00:13]} 28. Be3 {[%emt 0:00:05]} Ne7 {[%emt 0:00:15]} 29. Kg2 {[%emt 0:00:01]} Nf7 {[%emt 0:00:41]} 30. c4 {[%emt 0:00:05]} Rg4 {[%emt 0:00:37]} 31. Kh3 {[%emt 0:00:05]} Rg8 {[%emt 0:01:35]} 32. Nxe4 {[%emt 0:00:02]} Rxg1 {[%emt 0:00:05]} 33. Bxg1 {[%emt 0:00:01]} Kg7 {[%emt 0:00:03]} 34. b3 {[%emt 0:00:17]} Nxf5 {[%emt 0:00:10]} 35. Kg4 {[%emt 0:00:02]} N7h6+ {[%emt 0:00:19]} 36. Kh5 {[%emt 0:00:01]} Be7 {[%emt 0:00:05]} 37. d5 {[%emt 0:00:02]} cxd5 {[%emt 0:00:09]} 38. cxd5 {[%emt 0:00:00]} b6 {[%emt 0:00:02]} 39. Bf2 {[%emt 0:00:12]} Nf7 {[%emt 0:00:03]} 40. Kg4 {[%emt 0:00:07]} Kg6 {[%emt 0:00:05]} 41. h4 {[%emt 0:00:02]} h5+ {[%emt 0:00:03]} 42. Kf4 {[%emt 0:00:01]} Ne5 {[%emt 0:00:13]} 43. Bg1 {[%emt 0:00:17]} Nd3+ {[%emt 0:00:16]} 44. Kf3 {[%emt 0:00:01]} Nb4 {[%emt 0:00:01]} 45. Nc3 {[%emt 0:00:04]} Nxh4+ {[%emt 0:00:11]} 46. Kg3 {[%emt 0:00:07]} Nf5+ {[%emt 0:00:02]} 47. Kf3 {[%emt 0:00:06]} Bc5 {[%emt 0:00:05]} 48. Bh2 {[%emt 0:00:02]} Bd4 {[%emt 0:00:03]} 49. Nb5 {[%emt 0:00:02]} Nxd5 {[%emt 0:00:04]} 50. Nxd4 {[%emt 0:00:03]} Nxd4+ {[%emt 0:00:07]} 51. Ke4 {[%emt 0:00:01]} Nxb3 {[%emt 0:00:21]} 52. Kxd5 {[%emt 0:00:07]} Nc1 {[%emt 0:00:02]} 53. a4 {[%emt 0:00:05]} Nd3 {[%emt 0:00:02]} 54. Kc4 {[%emt 0:00:05]} Nb2+ {[%emt 0:00:06]} 55. Kb3 {[%emt 0:00:14]} Nd1 {[%emt 0:00:04]} 56. Bb8 {[%emt 0:00:07]} a6 {[%emt 0:00:02]} 57. Kb4 {[%emt 0:00:05]} Nb2 {[%emt 0:00:03]} 58. Bc7 {[%emt 0:00:06]} b5 {[%emt 0:00:04]} 59. axb5 {[%emt 0:00:05]} axb5 {[%emt 0:00:00]} 60. Kxb5 {[%emt 0:00:01]} Kg5 {[%emt 0:00:03]} 61. Kb4 {[%emt 0:00:03]} f5 {[%emt 0:00:01]} 62. Kc3 {[%emt 0:00:01]} Na4+ {[%emt 0:00:02]} 63. Kd2 {[%emt 0:00:09]} f4 {[%emt 0:00:03]} 64. Ke2 {[%emt 0:00:02]} Kg4 {[%emt 0:00:01]} 65. Kf2 {[%emt 0:00:02]} h4 {[%emt 0:00:01]} 66. Be5 {[%emt 0:00:04]} Nb6 {[%emt 0:00:06]} 67. Bd4 {[%emt 0:00:04]} Nd5 {[%emt 0:00:02]} 68. Kg2 {[%emt 0:00:00]} h3+ {[%emt 0:00:03]} 69. Kh2 {[%emt 0:00:02]} Nc7 {[%emt 0:00:03]} 70. Be5 {[%emt 0:00:05]} Ne6 {[%emt 0:00:01]} 71. Bd6 {[%emt 0:00:06]} Ng5 {[%emt 0:00:02]} 72. Bc7 {[%emt 0:00:17]} f3 {[%emt 0:00:02]} 73. Bb6 {[%emt 0:00:08]} Ne4 {[%emt 0:00:02]} 74. Kg1 {[%emt 0:00:03]} Nc3 {[%emt 0:00:04]} 75. Kf2 {[%emt 0:00:08]} h2 {[%emt 0:00:05]} 0-1

[Event "European Online Club-ch-B 2021"]
[Site "Online"]
[Date "2021.03.27"]
[Round "1.17"]
[White "Gorodetzky, David"]
[Black "Efimov, Igor"]
[Result "1-0"]
[WhiteElo "2495"]
[BlackElo "2416"]
[Annotator "ChessBase"]
[PlyCount "101"]
[EventDate "2021.03.27"]
[EventType "team-tourn"]
[EventCountry "NET"]
[SourceTitle "playchess.com"]
[Source "ChessBase"]
[SourceQuality "1"]
[TimeControl "900+5"]

1. d4 {[%emt 0:00:00]} d6 {[%emt 0:00:06]} 2. e4 {[%emt 0:00:08]} Nf6 {[%emt 0:00:03]} 3. Nc3 {[%emt 0:00:02]} e5 {[%emt 0:00:06]} 4. Nge2 {[%emt 0:00:31]} Nc6 {[%emt 0:00:10]} 5. h3 {[%emt 0:00:06]} g6 {[%emt 0:01:14]} 6. d5 {[%emt 0:00:20]} Ne7 {[%emt 0:00:07]} 7. g4 {[%emt 0:00:04]} Nd7 {[%emt 0:00:06]} 8. h4 {[%emt 0:00:31]} h5 {[%emt 0:00:23]} 9. gxh5 {[%emt 0:00:05]} Rxh5 {[%emt 0:00:13]} 10. Ng3 {[%emt 0:00:03]} Rh8 {[%emt 0:00:02]} 11. h5 {[%emt 0:01:01]} Nf6 {[%emt 0:00:05]} 12. Bg5 {[%emt 0:00:13]} Neg8 {[%emt 0:00:39]} 13. Qf3 {[%emt 0:03:03]} Be7 {[%emt 0:01:32]} 14. hxg6 {[%emt 0:00:17]} Rxh1 {[%emt 0:00:04]} 15. gxf7+ {[%emt 0:00:07]} Kxf7 {[%emt 0:00:01]} 16. Qxh1 {[%emt 0:00:01]} Qf8 {[%emt 0:00:28]} 17. Bh3 {[%emt 0:00:22]} Qg7 {[%emt 0:00:46]} 18. Bxc8 {[%emt 0:00:05]} Rxc8 {[%emt 0:00:23]} 19. Qh3 {[%emt 0:00:53]} Re8 {[%emt 0:00:07]} 20. Qe6+ {[%emt 0:00:36]} Kf8 {[%emt 0:00:02]} 21. Qf5 {[%emt 0:00:02]} Nh6 {[%emt 0:00:08]} 22. Bxh6 {[%emt 0:00:03]} Qxh6 {[%emt 0:00:01]} 23. Ke2 {[%emt 0:00:03]} Qh7 {[%emt 0:00:10]} 24. Qf3 {[%emt 0:00:27]} Qg6 {[%emt 0:00:09]} 25. Rh1 {[%emt 0:00:11]} Kf7 {[%emt 0:00:20]} 26. Nf5 {[%emt 0:00:05]} a6 {[%emt 0:00:57]} 27. Rh3 {[%emt 0:01:10]} b5 {[%emt 0:02:20]} 28. Nd1 {[%emt 0:00:06]} Bd8 {[%emt 0:00:44]} 29. Nde3 {[%emt 0:00:14]} Rf8 {[%emt 0:00:14]} 30. Rg3 {[%emt 0:00:23]} Qh5 {[%emt 0:00:05]} 31. Rg7+ {[%emt 0:00:05]} Ke8 {[%emt 0:00:02]} 32. Re7+ {[%emt 0:00:09]} Bxe7 {[%emt 0:00:04]} 33. Ng7+ {[%emt 0:00:02]} Kd8 {[%emt 0:00:06]} 34. Nxh5 {[%emt 0:00:01]} Nxd5 {[%emt 0:00:02]} 35. Nxd5 {[%emt 0:00:07]} Rxf3 {[%emt 0:00:02]} 36. Kxf3 {[%emt 0:00:01]} Bg5 {[%emt 0:00:02]} 37. Ne3 {[%emt 0:00:05]} c6 {[%emt 0:00:04]} 38. Kg4 {[%emt 0:00:02]} Bh6 {[%emt 0:00:07]} 39. Kf5 {[%emt 0:00:07]} Ke7 {[%emt 0:00:07]} 40. b3 {[%emt 0:00:19]} Kf7 {[%emt 0:00:14]} 41. c4 {[%emt 0:00:10]} Bf8 {[%emt 0:00:16]} 42. Nf6 {[%emt 0:00:11]} Bh6 {[%emt 0:00:16]} 43. Nd7 {[%emt 0:00:46]} bxc4 {[%emt 0:00:21]} 44. bxc4 {[%emt 0:00:21]} Ke7 {[%emt 0:00:22]} 45. Nb8 {[%emt 0:00:02]} Kd8 {[%emt 0:00:03]} 46. Nxc6+ {[%emt 0:00:04]} Kc7 {[%emt 0:00:01]} 47. Na5 {[%emt 0:00:18]} Kb6 {[%emt 0:00:03]} 48. Nb3 {[%emt 0:00:01]} a5 {[%emt 0:00:01]} 49. Nd5+ {[%emt 0:00:11]} Kc6 {[%emt 0:00:04]} 50. a4 {[%emt 0:00:03]} Bf8 {[%emt 0:00:13]} 51. Kg6 {[%emt 0:00:02]} 1-0

[Event "European Online Club-ch-B 2021"]
[Site "Online"]
[Date "2021.03.27"]
[Round "1.18"]
[White "Bagheri, Amir"]
[Black "Parkhov, Yair"]
[Result "1-0"]
[WhiteElo "2348"]
[BlackElo "2407"]
[Annotator "NA"]
[PlyCount "107"]
[EventDate "2021.03.27"]
[EventType "team-tourn"]
[EventCountry "NET"]
[SourceTitle "playchess.com"]
[Source "ChessBase"]
[SourceQuality "1"]
[TimeControl "900+5"]

1. d4 {[%emt 0:00:00]} Nf6 {[%emt 0:00:06]} 2. Nf3 {[%emt 0:00:03]} d6 {[%emt 0:00:03]} 3. Bg5 {[%emt 0:00:09]} Nbd7 {[%emt 0:00:01]} 4. Nbd2 {[%emt 0:00:03]} e5 {[%emt 0:00:02]} 5. e3 {[%emt 0:00:16]} h6 {[%emt 0:00:04]} 6. Bh4 {[%emt 0:00:12]} Be7 {[%emt 0:00:04]} 7. c4 {[%emt 0:00:22]} O-O {[%emt 0:00:11]} 8. Qc2 {[%emt 0:00:33]} Re8 {[%emt 0:00:53]} 9. Be2 {[%emt 0:00:25]} Nh5 {[%emt 0:00:51]} 10. Bxe7 {[%emt 0:00:04]} Qxe7 {[%emt 0:00:02]} 11. O-O {[%emt 0:00:28]} Nhf6 {[%emt 0:00:29]} 12. Rfd1 {[%emt 0:00:20]} e4 {[%emt 0:00:41]} 13. Ne1 {[%emt 0:00:06]} Nf8 {[%emt 0:00:01]} 14. b4 {[%emt 0:00:16]} Bg4 {[%emt 0:00:23]} 15. Nf1 {[%emt 0:00:41]} Ng6 {[%emt 0:00:46]} 16. Bxg4 {[%emt 0:00:48]} Nxg4 {[%emt 0:00:00]} 17. h3 {[%emt 0:00:09]} Nf6 {[%emt 0:00:03]} 18. Ng3 {[%emt 0:00:01]} Nh4 {[%emt 0:00:07]} 19. a4 {[%emt 0:00:23]} Nh7 {[%emt 0:00:26]} 20. d5 {[%emt 0:00:14]} f5 {[%emt 0:01:23]} 21. c5 {[%emt 0:00:03]} Nf6 {[%emt 0:01:42]} 22. Rac1 {[%emt 0:00:49]} Rad8 {[%emt 0:00:13]} 23. cxd6 {[%emt 0:01:20]} cxd6 {[%emt 0:00:00]} 24. Qc7 {[%emt 0:00:10]} Rd7 {[%emt 0:00:07]} 25. Qa5 {[%emt 0:00:02]} b6 {[%emt 0:02:19]} 26. Qb5 {[%emt 0:00:03]} g5 {[%emt 0:00:26]} 27. Ne2 {[%emt 0:00:14]} Qe5 {[%emt 0:00:50]} 28. g3 {[%emt 0:00:23]} Nf3+ {[%emt 0:01:24]} 29. Kf1 {[%emt 0:02:02]} Rde7 {[%emt 0:00:34]} 30. a5 {[%emt 0:00:12]} bxa5 {[%emt 0:00:35]} 31. bxa5 {[%emt 0:00:03]} Nh5 {[%emt 0:00:07]} 32. Nxf3 {[%emt 0:01:02]} exf3 {[%emt 0:00:00]} 33. Nd4 {[%emt 0:00:02]} Nxg3+ {[%emt 0:00:12]} 34. Kg1 {[%emt 0:00:36]} g4 {[%emt 0:01:40]} 35. Nc6 {[%emt 0:00:31]} Ne2+ {[%emt 0:00:03]} 36. Kh1 {[%emt 0:00:02]} Qf6 {[%emt 0:00:09]} 37. Nxe7+ {[%emt 0:00:05]} Rxe7 {[%emt 0:00:08]} 38. Qb8+ {[%emt 0:00:17]} Kh7 {[%emt 0:00:25]} 39. Rc7 {[%emt 0:00:03]} Rxc7 {[%emt 0:00:20]} 40. Qxc7+ {[%emt 0:00:03]} Kg6 {[%emt 0:00:02]} 41. Qd7 {[%emt 0:00:43]} h5 {[%emt 0:00:09]} 42. Rb1 {[%emt 0:00:43]} Kg5 {[%emt 0:00:18]} 43. Qe6 {[%emt 0:00:28]} h4 {[%emt 0:00:05]} 44. Qg8+ {[%emt 0:00:25]} Kh5 {[%emt 0:00:07]} 45. Qh7+ {[%emt 0:00:39]} Kg5 {[%emt 0:00:02]} 46. Qg8+ {[%emt 0:00:16]} Kh6 {[%emt 0:00:01]} 47. hxg4 {[%emt 0:00:06]} Qg6 {[%emt 0:00:12]} 48. Qxg6+ {[%emt 0:00:08]} Kxg6 {[%emt 0:00:00]} 49. gxf5+ {[%emt 0:00:04]} Kxf5 {[%emt 0:00:01]} 50. Rb7 {[%emt 0:00:03]} Ke4 {[%emt 0:00:07]} 51. Rxa7 {[%emt 0:00:04]} Kd3 {[%emt 0:00:02]} 52. a6 {[%emt 0:00:09]} Kd2 {[%emt 0:00:01]} 53. Rf7 {[%emt 0:00:07]} Ke1 {[%emt 0:00:00]} 54. Rxf3 {[%emt 0:00:05]} 1-0

[Event "European Online Club-ch-B 2021"]
[Site "Online"]
[Date "2021.03.27"]
[Round "1.19"]
[White "Veinberg, Nimrod"]
[Black "Villegas, Pierre"]
[Result "0-1"]
[WhiteElo "2404"]
[BlackElo "2367"]
[Annotator "NA"]
[PlyCount "86"]
[EventDate "2021.03.27"]
[EventType "team-tourn"]
[EventCountry "NET"]
[SourceTitle "playchess.com"]
[Source "ChessBase"]
[SourceQuality "1"]
[TimeControl "900+5"]

1. d4 {[%emt 0:00:00]} d5 {[%emt 0:00:07]} 2. c4 {[%emt 0:00:04]} e6 {[%emt 0:00:03]} 3. Nc3 {[%emt 0:00:13]} a6 {[%emt 0:00:04]} 4. cxd5 {[%emt 0:00:05]} exd5 {[%emt 0:00:02]} 5. Nf3 {[%emt 0:00:03]} Nf6 {[%emt 0:00:05]} 6. Bg5 {[%emt 0:00:09]} Be6 {[%emt 0:00:02]} 7. e3 {[%emt 0:00:02]} Nbd7 {[%emt 0:00:05]} 8. Be2 {[%emt 0:00:31]} Bd6 {[%emt 0:00:16]} 9. O-O {[%emt 0:00:02]} c6 {[%emt 0:00:05]} 10. e4 {[%emt 0:00:28]} dxe4 {[%emt 0:00:12]} 11. Nxe4 {[%emt 0:00:01]} Be7 {[%emt 0:00:08]} 12. Ng3 {[%emt 0:00:05]} O-O {[%emt 0:00:37]} 13. Rc1 {[%emt 0:00:27]} h6 {[%emt 0:00:56]} 14. Bd2 {[%emt 0:00:57]} Qb6 {[%emt 0:00:37]} 15. b4 {[%emt 0:00:36]} Rfe8 {[%emt 0:01:38]} 16. Qc2 {[%emt 0:00:42]} Bd6 {[%emt 0:00:47]} 17. Rfe1 {[%emt 0:00:39]} Re7 {[%emt 0:02:02]} 18. a3 {[%emt 0:00:35]} Rae8 {[%emt 0:00:08]} 19. Bf1 {[%emt 0:01:34]} Bxg3 {[%emt 0:00:35]} 20. hxg3 {[%emt 0:00:00]} Bd5 {[%emt 0:00:02]} 21. Rxe7 {[%emt 0:02:41]} Rxe7 {[%emt 0:00:03]} 22. Be3 {[%emt 0:00:19]} Be4 {[%emt 0:01:46]} 23. Qb3 {[%emt 0:00:26]} Bd5 {[%emt 0:00:37]} 24. Qb2 {[%emt 0:00:34]} Bxf3 {[%emt 0:00:44]} 25. gxf3 {[%emt 0:00:00]} Nd5 {[%emt 0:00:02]} 26. Re1 {[%emt 0:00:23]} Qd8 {[%emt 0:00:07]} 27. Bd2 {[%emt 0:00:39]} Rxe1 {[%emt 0:00:14]} 28. Bxe1 {[%emt 0:00:00]} Qf6 {[%emt 0:00:01]} 29. Kg2 {[%emt 0:00:40]} Nf8 {[%emt 0:00:08]} 30. Bc4 {[%emt 0:00:31]} Ne6 {[%emt 0:00:09]} 31. Bxd5 {[%emt 0:00:02]} cxd5 {[%emt 0:00:01]} 32. Bc3 {[%emt 0:00:08]} Qf5 {[%emt 0:00:44]} 33. Qe2 {[%emt 0:00:20]} g6 {[%emt 0:01:43]} 34. a4 {[%emt 0:00:08]} h5 {[%emt 0:00:17]} 35. b5 {[%emt 0:00:15]} axb5 {[%emt 0:00:03]} 36. Qxb5 {[%emt 0:00:02]} h4 {[%emt 0:00:46]} 37. Qe2 {[%emt 0:00:16]} Ng5 {[%emt 0:00:26]} 38. g4 {[%emt 0:02:40]} Qf4 {[%emt 0:00:40]} 39. Bd2 {[%emt 0:00:45]} h3+ {[%emt 0:00:03]} 40. Kf1 {[%emt 0:00:07]} h2 {[%emt 0:00:49]} 41. Qe8+ {[%emt 0:00:03]} Kh7 {[%emt 0:00:04]} 42. Bxf4 {[%emt 0:00:12]} h1=Q+ {[%emt 0:00:03]} 43. Ke2 {[%emt 0:00:02]} Qxf3+ {[%emt 0:00:01]} 0-1

[Event "European Online Club-ch-B 2021"]
[Site "Online"]
[Date "2021.03.27"]
[Round "1.20"]
[White "Meylan, Andre"]
[Black "Zlatin, Alexander"]
[Result "0-1"]
[WhiteElo "2205"]
[BlackElo "2343"]
[Annotator "NA"]
[PlyCount "104"]
[EventDate "2021.03.27"]
[EventType "team-tourn"]
[EventCountry "NET"]
[SourceTitle "playchess.com"]
[Source "ChessBase"]
[SourceQuality "1"]
[TimeControl "900+5"]

1. e4 {[%emt 0:00:00]} g6 {[%emt 0:00:11]} 2. d4 {[%emt 0:00:05]} Bg7 {[%emt 0:00:02]} 3. Nc3 {[%emt 0:00:04]} d6 {[%emt 0:00:08]} 4. f4 {[%emt 0:00:02]} Nf6 {[%emt 0:00:06]} 5. Nf3 {[%emt 0:00:02]} O-O {[%emt 0:00:03]} 6. Bd3 {[%emt 0:00:09]} Na6 {[%emt 0:00:04]} 7. O-O {[%emt 0:00:25]} c5 {[%emt 0:00:03]} 8. e5 {[%emt 0:00:33]} Ng4 {[%emt 0:01:04]} 9. Bxa6 {[%emt 0:02:50]} bxa6 {[%emt 0:00:29]} 10. dxc5 {[%emt 0:01:14]} dxc5 {[%emt 0:01:46]} 11. h3 {[%emt 0:01:22]} Nh6 {[%emt 0:00:06]} 12. Be3 {[%emt 0:01:30]} c4 {[%emt 0:01:43]} 13. Qxd8 {[%emt 0:02:08]} Rxd8 {[%emt 0:00:00]} 14. Rad1 {[%emt 0:00:02]} Bb7 {[%emt 0:01:19]} 15. Rxd8+ {[%emt 0:00:41]} Rxd8 {[%emt 0:00:03]} 16. Bxa7 {[%emt 0:00:01]} f6 {[%emt 0:00:38]} 17. exf6 {[%emt 0:01:11]} Bxf6 {[%emt 0:00:26]} 18. Ne5 {[%emt 0:00:24]} Nf7 {[%emt 0:00:45]} 19. Nxf7 {[%emt 0:00:26]} Kxf7 {[%emt 0:00:00]} 20. Rd1 {[%emt 0:00:10]} Rxd1+ {[%emt 0:01:24]} 21. Nxd1 {[%emt 0:00:00]} Be4 {[%emt 0:00:04]} 22. Ne3 {[%emt 0:00:24]} Bxb2 {[%emt 0:00:33]} 23. Nxc4 {[%emt 0:00:14]} Bc3 {[%emt 0:01:10]} 24. Ne3 {[%emt 0:00:25]} Bd2 {[%emt 0:00:06]} 25. c4 {[%emt 0:00:37]} Bd3 {[%emt 0:00:21]} 26. Ng4 {[%emt 0:00:15]} Bxf4 {[%emt 0:00:10]} 27. Ne3 {[%emt 0:00:51]} Bxe3+ {[%emt 0:01:17]} 28. Bxe3 {[%emt 0:00:00]} Bxc4 {[%emt 0:00:01]} 29. a4 {[%emt 0:00:22]} Kf6 {[%emt 0:00:06]} 30. Kf2 {[%emt 0:00:05]} Kf5 {[%emt 0:00:02]} 31. Bc5 {[%emt 0:00:07]} e5 {[%emt 0:00:01]} 32. Ke3 {[%emt 0:00:05]} Bf1 {[%emt 0:00:06]} 33. Kf2 {[%emt 0:00:05]} Bc4 {[%emt 0:00:02]} 34. Ke3 {[%emt 0:00:02]} Bd5 {[%emt 0:00:02]} 35. g4+ {[%emt 0:00:20]} Kf6 {[%emt 0:00:11]} 36. h4 {[%emt 0:00:30]} g5 {[%emt 0:00:02]} 37. hxg5+ {[%emt 0:00:13]} Kxg5 {[%emt 0:00:00]} 38. Bd6 {[%emt 0:00:01]} e4 {[%emt 0:00:02]} 39. a5 {[%emt 0:00:10]} Kxg4 {[%emt 0:00:03]} 40. Kf2 {[%emt 0:00:03]} h5 {[%emt 0:00:02]} 41. Bc5 {[%emt 0:00:04]} h4 {[%emt 0:00:09]} 42. Be3 {[%emt 0:00:07]} h3 {[%emt 0:00:05]} 43. Bd4 {[%emt 0:00:08]} e3+ {[%emt 0:00:12]} 44. Kg1 {[%emt 0:00:04]} Kf3 {[%emt 0:00:04]} 45. Kh2 {[%emt 0:00:04]} Be6 {[%emt 0:00:09]} 46. Bc3 {[%emt 0:00:01]} Ke2 {[%emt 0:00:08]} 47. Kg3 {[%emt 0:00:08]} Kd1 {[%emt 0:00:04]} 48. Bb4 {[%emt 0:00:09]} e2 {[%emt 0:00:02]} 49. Kf2 {[%emt 0:00:05]} Bd5 {[%emt 0:00:06]} 50. Kg3 {[%emt 0:00:05]} Bg2 {[%emt 0:00:04]} 51. Kf2 {[%emt 0:00:01]} Bf1 {[%emt 0:00:01]} 52. Kg3 {[%emt 0:00:11]} e1=Q+ {[%emt 0:00:04]} 0-1

[Event "European Online Club-ch-B 2021"]
[Site "Online"]
[Date "2021.03.27"]
[Round "2.1"]
[White "Chlpik, Martin"]
[Black "Efimov, Igor"]
[Result "1-0"]
[WhiteElo "2199"]
[BlackElo "2416"]
[Annotator "NA"]
[PlyCount "109"]
[EventDate "2021.03.27"]
[EventType "team-tourn"]
[EventCountry "NET"]
[SourceTitle "playchess.com"]
[Source "ChessBase"]
[SourceQuality "1"]
[TimeControl "900+5"]

1. d4 {[%emt 0:00:00]} Nf6 {[%emt 0:00:04]} 2. Bf4 {[%emt 0:00:04]} g6 {[%emt 0:00:03]} 3. Nf3 {[%emt 0:00:11]} Bg7 {[%emt 0:00:01]} 4. e3 {[%emt 0:00:02]} d6 {[%emt 0:00:08]} 5. h3 {[%emt 0:00:03]} Nc6 {[%emt 0:00:03]} 6. Be2 {[%emt 0:00:06]} O-O {[%emt 0:00:03]} 7. O-O {[%emt 0:00:05]} Qe8 {[%emt 0:00:23]} 8. c4 {[%emt 0:00:19]} e5 {[%emt 0:00:02]} 9. Bh2 {[%emt 0:00:05]} Nd7 {[%emt 0:00:09]} 10. Nc3 {[%emt 0:00:09]} h6 {[%emt 0:00:21]} 11. Rc1 {[%emt 0:00:42]} Kh7 {[%emt 0:00:12]} 12. c5 {[%emt 0:04:29]} dxc5 {[%emt 0:00:19]} 13. Nb5 {[%emt 0:00:15]} Qd8 {[%emt 0:00:04]} 14. d5 {[%emt 0:00:03]} Nb4 {[%emt 0:00:30]} 15. a3 {[%emt 0:01:49]} Nxd5 {[%emt 0:00:15]} 16. Qxd5 {[%emt 0:00:04]} c6 {[%emt 0:00:02]} 17. Qd6 {[%emt 0:00:24]} cxb5 {[%emt 0:00:01]} 18. Bxb5 {[%emt 0:00:03]} e4 {[%emt 0:00:30]} 19. Nd2 {[%emt 0:00:25]} Bxb2 {[%emt 0:00:58]} 20. Nxe4 {[%emt 0:00:21]} a6 {[%emt 0:03:17]} 21. Bxd7 {[%emt 0:02:05]} Bxd7 {[%emt 0:00:04]} 22. Rb1 {[%emt 0:00:57]} Bg7 {[%emt 0:00:38]} 23. Rxb7 {[%emt 0:00:04]} Bb5 {[%emt 0:00:04]} 24. Rc1 {[%emt 0:00:26]} Qa5 {[%emt 0:00:16]} 25. Nf6+ {[%emt 0:00:49]} Kh8 {[%emt 0:00:04]} 26. Be5 {[%emt 0:00:37]} Qxa3 {[%emt 0:00:08]} 27. Rd1 {[%emt 0:00:14]} Qb3 {[%emt 0:00:16]} 28. Nh5 {[%emt 0:00:08]} Qxd1+ {[%emt 0:00:11]} 29. Qxd1 {[%emt 0:00:03]} Bxe5 {[%emt 0:00:01]} 30. Qd5 {[%emt 0:00:09]} Rae8 {[%emt 0:00:33]} 31. Rxf7 {[%emt 0:00:08]} Rxf7 {[%emt 0:00:06]} 32. Qxf7 {[%emt 0:00:03]} gxh5 {[%emt 0:00:02]} 33. Qxh5 {[%emt 0:00:12]} c4 {[%emt 0:00:12]} 34. Qxh6+ {[%emt 0:00:04]} Kg8 {[%emt 0:00:01]} 35. Qg5+ {[%emt 0:00:05]} Bg7 {[%emt 0:00:02]} 36. Qd5+ {[%emt 0:00:02]} Kf8 {[%emt 0:00:07]} 37. Qf5+ {[%emt 0:00:14]} Ke7 {[%emt 0:00:05]} 38. Qc5+ {[%emt 0:00:10]} Ke6 {[%emt 0:00:11]} 39. f4 {[%emt 0:00:19]} c3 {[%emt 0:00:03]} 40. f5+ {[%emt 0:00:07]} Kf6 {[%emt 0:00:17]} 41. Qd4+ {[%emt 0:00:12]} Kf7 {[%emt 0:00:02]} 42. Qd5+ {[%emt 0:00:02]} Kf8 {[%emt 0:00:17]} 43. Qc5+ {[%emt 0:00:14]} Kg8 {[%emt 0:00:03]} 44. g4 {[%emt 0:00:15]} Bh6 {[%emt 0:01:08]} 45. Qd5+ {[%emt 0:00:09]} Kh8 {[%emt 0:00:07]} 46. Qd4+ {[%emt 0:00:05]} Bg7 {[%emt 0:00:03]} 47. f6 {[%emt 0:00:03]} c2 {[%emt 0:00:18]} 48. fxg7+ {[%emt 0:00:08]} Kh7 {[%emt 0:00:12]} 49. g8=Q+ {[%emt 0:00:31]} Kxg8 {[%emt 0:00:06]} 50. Qd5+ {[%emt 0:00:03]} Kg7 {[%emt 0:00:03]} 51. Qg5+ {[%emt 0:00:04]} Kf7 {[%emt 0:00:07]} 52. Qf5+ {[%emt 0:00:02]} Kg7 {[%emt 0:00:02]} 53. Qxc2 {[%emt 0:00:02]} Rxe3 {[%emt 0:00:03]} 54. Qc7+ {[%emt 0:00:06]} Kf8 {[%emt 0:00:14]} 55. Qf4+ {[%emt 0:00:03]} 1-0

[Event "European Online Club-ch-B 2021"]
[Site "Online"]
[Date "2021.03.27"]
[Round "2.2"]
[White "Bagheri, Amir"]
[Black "Solcan, Martin"]
[Result "1/2-1/2"]
[WhiteElo "2348"]
[BlackElo "2076"]
[Annotator "NA"]
[PlyCount "81"]
[EventDate "2021.03.27"]
[EventType "team-tourn"]
[EventCountry "NET"]
[SourceTitle "playchess.com"]
[Source "ChessBase"]
[SourceQuality "1"]
[TimeControl "900+5"]

1. d4 {[%emt 0:00:00]} Nf6 {[%emt 0:00:04]} 2. Nf3 {[%emt 0:00:04]} g6 {[%emt 0:00:01]} 3. Bg5 {[%emt 0:00:02]} Bg7 {[%emt 0:00:03]} 4. Nbd2 {[%emt 0:00:02]} d5 {[%emt 0:00:07]} 5. e3 {[%emt 0:00:05]} O-O {[%emt 0:00:03]} 6. Bd3 {[%emt 0:00:16]} c5 {[%emt 0:00:06]} 7. c3 {[%emt 0:00:04]} Nc6 {[%emt 0:00:03]} 8. O-O {[%emt 0:00:07]} Bg4 {[%emt 0:00:21]} 9. Qb1 {[%emt 0:00:05]} Rc8 {[%emt 0:00:19]} 10. b4 {[%emt 0:01:17]} b6 {[%emt 0:00:50]} 11. h3 {[%emt 0:00:38]} Bxf3 {[%emt 0:00:05]} 12. Nxf3 {[%emt 0:00:03]} cxb4 {[%emt 0:00:39]} 13. cxb4 {[%emt 0:00:03]} Qd6 {[%emt 0:00:08]} 14. a3 {[%emt 0:01:01]} e5 {[%emt 0:00:54]} 15. Ba6 {[%emt 0:00:44]} Rcd8 {[%emt 0:01:34]} 16. b5 {[%emt 0:00:32]} e4 {[%emt 0:04:05]} 17. Bf4 {[%emt 0:00:04]} Qe7 {[%emt 0:00:02]} 18. bxc6 {[%emt 0:00:05]} exf3 {[%emt 0:00:01]} 19. c7 {[%emt 0:02:09]} fxg2 {[%emt 0:00:06]} 20. Kxg2 {[%emt 0:00:04]} Ra8 {[%emt 0:00:47]} 21. Rc1 {[%emt 0:00:09]} Rac8 {[%emt 0:01:48]} 22. Qb5 {[%emt 0:01:27]} Nh5 {[%emt 0:00:26]} 23. Bxc8 {[%emt 0:01:34]} Nxf4+ {[%emt 0:00:13]} 24. exf4 {[%emt 0:00:03]} Rxc8 {[%emt 0:00:02]} 25. Qxd5 {[%emt 0:01:02]} Rxc7 {[%emt 0:01:03]} 26. Rxc7 {[%emt 0:00:04]} Qxc7 {[%emt 0:00:02]} 27. Re1 {[%emt 0:01:00]} Bf6 {[%emt 0:00:03]} 28. f5 {[%emt 0:00:24]} g5 {[%emt 0:00:56]} 29. a4 {[%emt 0:00:42]} Qf4 {[%emt 0:00:10]} 30. Re4 {[%emt 0:00:18]} Qd2 {[%emt 0:00:24]} 31. Qd6 {[%emt 0:00:20]} Kg7 {[%emt 0:00:12]} 32. Re8 {[%emt 0:00:18]} Bxd4 {[%emt 0:00:10]} 33. Qf8+ {[%emt 0:00:10]} Kf6 {[%emt 0:00:01]} 34. Qe7+ {[%emt 0:00:20]} Kg7 {[%emt 0:00:31]} 35. Qf8+ {[%emt 0:00:07]} Kf6 {[%emt 0:00:03]} 36. Qh6+ {[%emt 0:00:02]} Kxf5 {[%emt 0:00:08]} 37. Qxh7+ {[%emt 0:00:07]} Kf6 {[%emt 0:00:08]} 38. Qh6+ {[%emt 0:01:03]} Kf5 {[%emt 0:00:03]} 39. Qh7+ {[%emt 0:00:12]} Kf6 {[%emt 0:00:01]} 40. Qh6+ {[%emt 0:00:01]} Kf5 {[%emt 0:00:01]} 41. Qh7+ {[%emt 0:00:02]} 1/2-1/2